| 000 | 00591nam a2200193Ia 4500 | ||
|---|---|---|---|
| 003 | GCL | ||
| 008 | 140319s9999 xx 000 0 ara d | ||
| 040 |
_aGCL / _cGCL |
||
| 082 | 0 | 4 |
_a111.85 _bأ ف |
| 100 | 1 | _aاميرة حلمى مطر | |
| 245 | 1 | 0 |
_aفلسفة الجمال / _cاميرة حلمى مطر |
| 260 |
_aالقاهرة : _bدار القلم ، _c1962 |
||
| 300 |
_a108 ص ؛ _c16 سم |
||
| 490 |
_aالمكتبة الثقافية _v74 |
||
| 650 | 0 | 4 | _aالجمال - فلسفة |
| 650 | 0 | 4 | _aالجمال - علم |
| 650 | 0 | 4 | _aفلسفة الجمال |
| 942 |
_2ddc _cBK |
||
| 999 |
_c36543 _d36543 |
||